Markets and the environment

Gespeichert in:
Bibliographische Detailangaben
1. Verfasser: Keohane, Nathaniel O.
Weitere Verfasser: Olmstead, Sheila M.
Format: Buch
Sprache:Englisch
Veröffentlicht: Washington Island Press 2016
Ausgabe:2nd ed.
Schriftenreihe:Foundations of contemporary environmental studies
Schlagworte:
Tags: Tag hinzufügen
Keine Tags, Fügen Sie das erste Tag hinzu!

MARC

LEADER 00000nam a2200000 4500
001 0224785
005 20240306140355.5
020 |a 978-1-61091-607-3 
041 0 |a eng 
044 |a US 
245 1 0 |a Markets and the environment  |c Nathaniel O. Keohane, Sheila M. Olmstead 
250 |a 2nd ed. 
264 1 |a Washington  |b Island Press  |c 2016 
300 |a 307 s. 
490 1 |a Foundations of contemporary environmental studies 
830 0 |a Foundations of contemporary environmental studies 
610 2 0 |a politika environmentálna 
610 2 0 |a politika hospodárska 
610 2 0 |a ekonomika ekologická 
610 2 0 |a ekonomika environmentálna 
610 2 0 |a efektívnosť ekonomická 
610 2 0 |a ochrana prostredia životného 
610 2 0 |a konkurencia trhová 
610 2 0 |a zdroje prírodné 
610 2 0 |a riadenie 
610 2 0 |a trh 
610 2 0 |a rast hospodársky 
100 1 |a Keohane, Nathaniel O. 
700 1 |a Olmstead, Sheila M.